Estimate of Accuracy of Solution of the Nonlocal Fisher–Kolomogorov–Petrovskii–Piskunov Equation; Russian Physics Journal; Vol. 55, iss. 12

Podrobná bibliografie
Parent link:Russian Physics Journal: Scientific Journal
Vol. 55, iss. 12.— 2013.— [P. 1425-1433]
Hlavní autor: Levchenko E. A. Evgeny Anatolievich
Korporativní autor: Национальный исследовательский Томский политехнический университет (ТПУ) Физико-технический институт (ФТИ) Кафедра высшей математики и математической физики (ВММФ)
Další autoři: Trifonov A. Yu. Andrey Yurievich, Shapovalov A. V. Aleksandr Vasilyevich
Shrnutí:Title screen
The discrepancy of semiclassical asymptotics for the one-dimensional nonlocal Fisher–Kolmogorov–Petrovskii–Piskunov equation is investigated. It is shown that there exist values of the parameters of the system, for which the norm of the discrepancy is bounded and the accuracy of the asymptotic solution is preserved over the entire time interval, but also values of the parameters, for which the discrepancy tends to zero, and the asymptotic solution tends to the exact one
Режим доступа: по договору с организацией-держателем ресурса
Jazyk:angličtina
Vydáno: 2013
Témata:
On-line přístup:http://dx.doi.org/10.1007/s11182-013-9976-9
Médium: MixedMaterials Elektronický zdroj Kapitola
KOHA link:https://koha.lib.tpu.ru/cgi-bin/koha/opac-detail.pl?biblionumber=636448

MARC

LEADER 00000nla0a2200000 4500
001 636448
005 20250327120138.0
035 |a (RuTPU)RU\TPU\network\422 
090 |a 636448 
100 |a 20140128d2013 k||y0rusy50 ba 
101 0 |a eng 
102 |a US 
135 |a drnn ---uucaa 
181 0 |a i  
182 0 |a b 
200 1 |a Estimate of Accuracy of Solution of the Nonlocal Fisher–Kolomogorov–Petrovskii–Piskunov Equation  |f E. A. Levchenko, A. Yu. Trifonov, A. V. Shapovalov 
203 |a Text  |c electronic 
300 |a Title screen 
320 |a [References: p. 1433 (13 tit.)] 
330 |a The discrepancy of semiclassical asymptotics for the one-dimensional nonlocal Fisher–Kolmogorov–Petrovskii–Piskunov equation is investigated. It is shown that there exist values of the parameters of the system, for which the norm of the discrepancy is bounded and the accuracy of the asymptotic solution is preserved over the entire time interval, but also values of the parameters, for which the discrepancy tends to zero, and the asymptotic solution tends to the exact one 
333 |a Режим доступа: по договору с организацией-держателем ресурса 
461 |t Russian Physics Journal  |o Scientific Journal 
463 |t Vol. 55, iss. 12  |v [P. 1425-1433]  |d 2013 
610 1 |a электронный ресурс 
610 1 |a труды учёных ТПУ 
700 1 |a Levchenko  |b E. A.  |c mathematician  |c Assistant of Tomsk Polytechnic University  |f 1988-  |g Evgeny Anatolievich  |3 (RuTPU)RU\TPU\pers\31735 
701 1 |a Trifonov  |b A. Yu.  |c physicist, mathematician  |c Professor of Tomsk Polytechnic University, Doctor of physical and mathematical sciences  |f 1963-  |g Andrey Yurievich  |3 (RuTPU)RU\TPU\pers\30754 
701 1 |a Shapovalov  |b A. V.  |c mathematician  |c Professor of Tomsk Polytechnic University, Doctor of physical and mathematical sciences  |f 1949-  |g Aleksandr Vasilyevich  |3 (RuTPU)RU\TPU\pers\31734 
712 0 2 |a Национальный исследовательский Томский политехнический университет (ТПУ)  |b Физико-технический институт (ФТИ)  |b Кафедра высшей математики и математической физики (ВММФ)  |3 (RuTPU)RU\TPU\col\18727 
801 2 |a RU  |b 63413507  |c 20151216  |g RCR 
856 4 |u http://dx.doi.org/10.1007/s11182-013-9976-9 
942 |c CF